| 000 | 00817cam a2200253 a 4500 | ||
|---|---|---|---|
| 001 | 27760 | ||
| 003 | BD-RjUL | ||
| 005 | 20211209051211.0 | ||
| 008 | 140327s1912 enk 001 0 eng d | ||
| 035 | _a(BD-RjUL)27839 | ||
| 040 |
_aMRC _dOCL _dBD-RjUL _beng _cBD-RjUL |
||
| 041 | _aeng | ||
| 082 |
_a971.038 _bLOR V-2 1912 |
||
| 090 |
_aF1032 _b.D8 |
||
| 245 | 0 | 0 |
_aLord Durham's report on the affairs of British North America / _cedited with an introduction by Sir C.P. Lucas. _nVollume II _pText of the Report |
| 260 |
_aOxford : _bClarendon Press, _c1912. |
||
| 300 |
_a[6] 339 p. ; _c23 cm. |
||
| 504 | _aIncludes index. | ||
| 650 |
_aCanada _xPolitics and government. _985215 |
||
| 651 | 0 |
_aCanada _xPolitics and government. _985216 |
|
| 700 |
_aC.P. Lucas. _985217 |
||
| 942 |
_2ddc _cBK |
||
| 999 |
_c27760 _d27760 |
||